Tres clásicos argentinos (Record no. 39436)

MARC details
000 -LEADER
campo de control de longitud fija 01205nam a2200301 i 4500
001 - NÚMERO DE CONTROL
campo de control 39436
003 - IDENTIFICADOR DE NÚMERO DE CONTROL
campo de control ES-MaACL
005 - FECHA Y HORA DE LA ÚLTIMA TRANSACCIÓN
campo de control 20251007171610.0
007 - CAMPO FIJO DE DESCRIPCIÓN FÍSICA--INFORMACIÓN GENERAL
campo de control de longitud fija t|
008 - DATOS DE LONGITUD FIJA--INFORMACIÓN GENERAL
campo de control de longitud fija 030303s1953 sp cf |||| |dspa d
080 ## - NÚMERO DE LA CLASIFICACIÓN DECIMAL UNIVERSAL
Número de la Clasificación Decimal Universal 86.0(82)-822"18"
245 00 - MENCIÓN DEL TÍTULO
Título Tres clásicos argentinos
Resto del título : Miguel Cané, Joaquín V. González, Paul Groussac ; prólogo de Julio Molina Aguirre.
260 ## - PUBLICACIÓN, DISTRIBUCIÓN, ETC.
Lugar de publicación, distribución, etc. [Madrid :
Nombre del editor, distribuidor, etc. Aguilar :
-- E. Sánchez Leal,
Fecha de publicación, distribución, etc. 1953]
300 ## - DESCRIPCIÓN FÍSICA
Extensión 683 p., [3] h. lám. ;
Dimensiones 12 cm.
490 1# - MENCIÓN DE SERIE
Mención de serie Crisol ;
Designación de volumen o secuencia 360
505 8# - NOTA DE CONTENIDO CON FORMATO
Nota de contenido con formato Contiene: ;
Título Juvenilia /
Mención de responsabilidad Miguel Cané. --
Título Mis montañas /
Mención de responsabilidad Joaquín V. González. --
Título La Biblioteca Nacional de Buenos Aires ; Discurso en la inauguración de la Biblioteca Nacional de Buenos Aires ; Medallones /
Mención de responsabilidad Paul Groussad
599 ## - NOTA A LAS ILUSTRACIONES
NOTA A LAS ILUSTRACIONES Retr. de los autores.
700 1# - ENTRADA AGREGADA--NOMBRE PERSONAL
Nombre de persona Cané, Miguel (
Fechas asociadas al nombre 1851-1905)
9 (RLIN) 149291
700 1# - ENTRADA AGREGADA--NOMBRE PERSONAL
Nombre de persona González, Joaquín V.,
Fechas asociadas al nombre 1863-1923
9 (RLIN) 58329
700 1# - ENTRADA AGREGADA--NOMBRE PERSONAL
Nombre de persona Groussac, Paul.
9 (RLIN) 60209
700 1# - ENTRADA AGREGADA--NOMBRE PERSONAL
Nombre de persona Molina Aguirre, Julio.
9 (RLIN) 81911
740 0# - ENTRADA AGREGADA--TÍTULO RELACIONADO/ANALÍTICO NO CONTROLADO
Título relacionado o analítico no controlado Juvenilia.
740 0# - ENTRADA AGREGADA--TÍTULO RELACIONADO/ANALÍTICO NO CONTROLADO
Título relacionado o analítico no controlado Mis montañas.
740 3# - ENTRADA AGREGADA--TÍTULO RELACIONADO/ANALÍTICO NO CONTROLADO
Título relacionado o analítico no controlado La Biblioteca Nacional de Buenos Aires.
830 0# - PUNTO DE ACCESO ADICIONAL DE SERIE-TÍTULO UNIFORME
Título uniforme Crisol ;
Designación de volumen o secuencia 360
9 (RLIN) 180848
852 ## - LOCALIZACIÓN
Ubicación ES-MaACL
Número de control de estantería C-8575
Holdings
Estatus retirado Estado de pérdida Estado de daño No para préstamo Biblioteca de origen Biblioteca actual Ubicación en estantería Fecha de adquisición Fuente de adquisición Total de préstamos Signatura topográfica completa Código de barras Visto por última vez Precio de reemplazo Tipo de ítem Koha
        Biblioteca del Ateneo de Madrid Biblioteca del Ateneo de Madrid Sala Palomar 17/01/2008     C-8575 1041532 23/02/2023 23/02/2023 Libro impreso